LEADER 01420nlm 2200253Ia 450 001 996414249803316 005 20210503105037.0 100 $a19831118d1659---- uy | 101 0 $aeng 102 $aUK 135 $adrcnu 200 1 $aMichael opposing the dragon, or, A fiery dart struck through the heart of the kingdome of the serpent$eshewing the saints eternal glory over the serpents misery, proving what is God and Devil, good and evil, Heaven and Hell, salvation and damnation, life and death, the Resurrection and Day of Judgement, everlasting punishment and life eternal, with their time and place in a true sense$ebeing a reply to Edward Garland's answer of a book intitled A blow at the serpent, containing disputes between Richard Coppin and divers ministers in Kent$ewith many objections and arguments fully answered, the truth much cleared, vindicated, and confirmed$fby Richard Coppin 210 1 $aLondon$c[s.n]$d1659 215 $aTesto elettronico (PDF) (298 p.) 230 $aBase dati testuale 300 $aRiproduzione dell'originale nella Union Theological Seminary Library, New York. 606 0 $aTeologia$2BNCF 676 $a230 700 1$aCOPPIN,$bRichard$ffl. 1646-1659.$0793146 912 $a996414249803316 959 $aEB 969 $aER 996 $aMichael opposing the dragon, or, A fiery dart struck through the heart of the kingdome of the serpent$91773797 997 $aUNISA LEADER 01453nam 2200397 450 001 9910794966703321 005 20230807203018.0 010 $a3-7369-4958-8 035 $a(CKB)4340000000200609 035 $a(MiAaPQ)EBC5022670 035 $a(EXLCZ)994340000000200609 100 $a20170930h20152015 uy 0 101 0 $aeng 135 $aurcnu|||||||| 181 $2rdacontent 182 $2rdamedia 183 $2rdacarrier 200 10$aEfficient frequency doubling of near-infrared diode lasers using quasi phase-matched waveguides /$fvorgelegt von Diplom-Physiker Daniel Jedrzejczyk 205 $a1. Auflage. 210 1$aGottingen, [Germany] :$cCuvillier Verlag,$d2015. 210 4$dİ2015 215 $a1 online resource (135 pages) $cillustrations (some color), tables, graphs 225 0 $aInnovationen mit Mikrowellen und Licht. Forschungsberichte aus dem Ferdinand-Braun-Institut, Leibniz-Institut fur Hochstfrequenztechnik ;$vBand 32 311 $a3-95404-958-9 320 $aIncludes bibliographical references. 606 $aNear infrared spectroscopy 615 0$aNear infrared spectroscopy. 676 $a543.08583 700 $aJedrzejczyk$b Daniel$01583075 801 0$bMiAaPQ 801 1$bMiAaPQ 801 2$bMiAaPQ 906 $aBOOK 912 $a9910794966703321 996 $aEfficient frequency doubling of near-infrared diode lasers using quasi phase-matched waveguides$93865901 997 $aUNINA